000 00709nam a2200241Ia 4500
003 OSt
005 20220926013204.0
006 a|||||r|||| 00| 0
007 ta
008 220923b |||||||| |||| 00| 0 eng d
037 _cGeneral Book
040 _aRTL
_cRTL
_beng
041 _2eng
_aeng
082 _aX65:515, N4
100 _aDaigler Robert T
_9317956
245 0 _aFinancial futures and options markets
_b Concepts a
260 _aNew York
_bHarper Collins USA
_c1994
300 _axxi, 634p.
_ccm.
500 _aBibliography chapterwise; Appendix chapterwise
650 _aInvestment
942 _hX65:515, N4
_cGB
_2CC
999 _c625396
_d625396